CRM systémy ako nástroj zvyšovania efektívnosti marketingových kampaní diplomová práca

Enregistré dans:
Détails bibliographiques
Auteur principal: Kollár, Peter
Collectivité auteur: Fakulta hospodárskej informatiky EU. Katedra aplikovanej informatiky
Autres auteurs: Kristová, Gabriela
Format: Livre
Langue:slovaque
Publié: Bratislava 2011
Tags: Ajouter un tag
Pas de tags, Soyez le premier à ajouter un tag!

MARC

LEADER 00000nbm a2200000 4500
001 0140862
005 20161109101955.6
041 0 |a slo 
044 |a SK 
245 1 0 |a CRM systémy ako nástroj zvyšovania efektívnosti marketingových kampaní  |b diplomová práca  |c Peter Kollár ; školiteľ: Gabriela Kristová 
264 1 |a Bratislava  |c 2011 
300 |a 53 s. 
100 1 |a Kollár, Peter 
700 1 |a Kristová, Gabriela 
710 2 |a Fakulta hospodárskej informatiky EU. Katedra aplikovanej informatiky